000 00739nam a2200217 a 4500
001 000016925
005 20200929165002.0
008 100312s1975 dr 000 0 spa d
040 _aDO-SdBNP
_bspa
_cBNPHU
082 _a370.97293
_bH557si, 1975
100 1 _aHernández, Frank Marino
_937429
245 1 0 _aSistema educativo dominicano :
_borganización, comportamiento, resultados /
_cFrank Marino Hernández.
250 _a2a. ed.
260 _aSanto Domingo :
_bTaller,
_c1975.
300 _axvi, 209 p. ;
_c23 cm.
500 _aIncluye legislación
590 _aInventariado, 2018/VM
650 4 _aEducación
_zRepública Dominicana
_9737
650 4 _aEducación
_xLegislación
_935372
910 _aValidado. Control de calidad MFF
999 _c16457
_d16457